Wszystkie kluby które grały w Premier League - Statystyki

Ogólne statystyki
  • Ten quiz został rozwiązany 286 razy
  • Średni wynik to 21 z 49
Statystyki odpowiedzi
Liczba występów Klub % Poprawnych
25 Manchester City
96%
30 Manchester United
95%
30 Liverpool
94%
30 Arsenal
93%
30 Chelsea
90%
30 Everton
75%
27 Aston Villa
71%
27 Newcastle United
66%
23 Southampton
65%
30 Tottenham Hotspur
65%
26 West Ham United
58%
14 Leeds United
56%
15 Fullham
55%
8 Burnley
53%
7 Nottingham Forest
53%
13 Crystal Palace
49%
9 Norwich City
49%
15 Sunderland
49%
5 Bournemouth
48%
2 Brentford
48%
5 Sheffield United
44%
8 Swansea
44%
7 Watford
43%
18 Blackburn Rovers
41%
5 Brighton & Hove Albion
40%
5 Hull City
40%
8 Derby County
38%
7 Birmingham City
37%
5 Ipswich Town
37%
2 Cardiff City
36%
13 West Bromwich Albion
35%
8 Wolverhampton Wanderers
34%
7 Queens Park Rangers
33%
7 Portsmouth
30%
10 Sheffield Wednesday
30%
13 Stoke City
30%
16 Bolton Wanderers
26%
16 Middlesbrough
25%
1 Blackpool
23%
8 Wigan Athletic
23%
5 Reading
22%
2 Huddersfield Town
21%
1 Barnsley
19%
8 Charlton Athletic
18%
10 Coventry City
18%
3 Oldham Athletic
11%
2 Bradford City
8%
8 Milton Keynes Dons
0%
1 Swindown Town
0%
Nie znaleziono quizów pasujących do podanych kryteriów
Rozkład punktacji
Procent ludzi z każdym wynikiem
Percentyl według liczby udzielonych odpowiedzi
Twoja historia wyników
Nie rozwiązałeś tego quizu